Matching - Brand Logo to the Slogan (images) Quiz Stats

Quiz not verified by Sporcle

Challenge
Share
Tweet
Score 0/25 Timer 08:00
0 Plays Today
Slogan Company % Correct
'i'm lovin' it'???
72%
'What's In Your Wallet?'???
70%
'Always low prices. Always'???
68.6%
'The best part of waking up...'???
67.1%
'Obey Your Thirst'???
66.5%
'Like a Good Neighbor'???
63.6%
'Hot Eats, Cool treats'???
59.1%
'Two for me none for you'???
58%
'Think Outside The Bun'???
54.8%
'Kid tested. Mother approved'???
54.4%
'Have it your way'???
53.6%
'Good to the last drop'???
53.5%
'A diamond is forever'???
53.2%
Slogan Company % Correct
'Hungry? Why wait?'???
47.2%
'Something special in the air'???
44%
'Can’t Beat the Real Thing'???
41.9%
'Think Different'???
41.8%
'Fly the Friendly skies'???
37.5%
'We Bring Good Things To Life'???
36.9%
'An American Revolution'???
34%
'Life is full of surprises'???
31.9%
'Born from Jets'???
28.7%
'Engineered to move the human spirit'???
28.5%
'Good Life. Great Price!'???
27.4%
'A different kind of Company, A different kind of car'???
26.1%

You're not logged in!

Compare scores with friends on all Sporcle quizzes.
Sign Up with Email
OR
Log In

You Might Also Like...

Show Comments

Extras

Top Quizzes Today


Score Distribution

Your Account Isn't Verified!

In order to create a playlist on Sporcle, you need to verify the email address you used during registration. Go to your Sporcle Settings to finish the process.

Report this User

Report this user for behavior that violates our Community Guidelines.

Details: